Langues les plus parlées en Suisse - Statistiques

Statistiques générales
  • Ce quiz a été pris 39 878 fois
    39 733 depuis la dernière actualisation
  • Le résultat moyen est 6 sur 9
Statistiques - réponses
% Langue % Correct
22,8 Français
100%
62,3 Allemand
98%
8,0 Italien
93%
5,8 Anglais
88%
2,4 Espagnol
81%
3,5 Portugais
65%
2,3 Serbo-croate
33%
0,5 Romanche
32%
3,2 Albanais
19%
Aucun quiz correspondant
Distribution des résultats
% des personnes avec chaque résultat
Percentile par nombre de réponses
Votre historique - résultats
Vous n’avez pas pris ce quiz depuis la dernière actualisation